000 00647nam a2200241Ia 4500
003 OSt
005 20220918212124.0
006 a|||||r|||| 00| 0
007 ta
008 220917b |||||||| |||| 00| 0 eng d
024 _a127,334
037 _cTextual
040 _aARTS
_cARTS
_beng
041 _2eng
_aeng
082 _aX0aY:6.26A, M8
100 _aPayeng Habung
_9122561
245 0 _aEconomic and social change in the north-east
260 _aNew Delhi
_bCriterion Pub
_c1988
300 _avii,57p.
_ccm.
650 _aECONOMICS
942 _hX0aY:6.26A, M8
_cTEXL
_2CC
999 _c250476
_d250476